Migración internacional de retorno en el Uruguay y reinserción laboral en tiempos de crisis económica internacional, 2011-2013 /

Spremljeno u:
Bibliografski detalji
Glavni autor: Koolhaas, Martín
Format: Knjiga
Jezik:Spanish
Oznake: Dodaj oznaku
Bez oznaka, Budi prvi tko označuje ovaj zapis!

MARC

LEADER 00000nam a22000007a 4500
003 cru CIDCACS/IIS
005 20170823152310.0
007 ta
008 170823t2016 cl |||p|r|||| 00| 0 spa d
999 |c 40304  |d 40304 
040 |c cru CIDCACS/IIS 
100 1 |9 5333  |a Koolhaas, Martín 
245 1 |a Migración internacional de retorno en el Uruguay y reinserción laboral en tiempos de crisis económica internacional, 2011-2013 /  |c Martín Koolhaas 
300 |a páginas 123-147  |b tablas 
773 0 |0 40300  |9 1150  |a Centro Latinoamericano y Caribeño de Demografía (CELADE)-División de la CEPAL  |d Santiago, Chile: CELADE -CEPAL,  |o 18262  |t Notas de Población /  |x 9789211219319 
942 |2 ddc  |c PP